Territoriales de la Ciudad de México en un mapa - Estadísticas

Estadísticas generales
  • Esta prueba ha sido intentada 71 veces
  • La puntuación promedio es 12 de 16
Respuestas en el mapa
Las respuestas están codificadas por una escala verde-roja en el mapa de la prueba según el % correcto abajo.
 
Estadísticas de respuestas
No. Demarcacion territorial % Correcto
3 Benito Juárez
87%
9 Iztapalapa
87%
15 Venustiano Carranza
82%
4 Coyoacán
80%
6 Cuauhtémoc
80%
16 Xochimilco
80%
1 Álvaro Obregón
78%
14 Tlalpan
78%
11 Miguel Hidalgo
73%
7 Gustavo A. Madero
71%
12 Milpa Alta
69%
2 Azcapotzalco
64%
8 Iztacalco
64%
5 Cuajimalpa de Morelos
62%
10 Magdalena Contreras
62%
13 Tláhuac
62%
No se encontraron pruebas coincidentes
Distribución de puntuación
Porcentaje de gente con cada puntuación
Porcentaje por número respondido
Historial de tus puntuaciones
No has intentado esta prueba.